[Event "Michigan op-ch"]
[Site "Lansing"]
[Date "2009.09.06"]
[Round "5"]
[White "Ciaffone, Robert"]
[Black "Hassen, Matt"]
[Result "1/2-1/2"]
[WhiteElo "2108"]
[BlackElo "1972"]
[PlyCount "44"]
[EventDate "2009.09.04"]
[EventType "swiss"]
[EventRounds "7"]
[EventCountry "USA"]
[SourceTitle "EXT 2015"]
[Source "ChessBase"]
[SourceDate "2014.11.20"]
[SourceVersion "1"]
[SourceVersionDate "2014.11.20"]
[SourceQuality "1"]

1. Nf3 Nf6 2. c4 e6 3. g3 d5 4. d4 Be7 5. Bg2 0-0 6. 0-0 dxc4 7. Qc2 a6 8. Qxc4 b5 9. Qc2 Bb7 10. Bd2 Ra7 11. Rd1 Be4 12. Qc1 b4 13. a3 Nc6 14. axb4 Qa8 15. Bc3 Nxb4 16. Nbd2 Bd5 17. Ne1 Bxg2 18. Nxg2 Rc8 19. Bxb4 Bxb4 20. Nb3 c5 21. dxc5 Rac7 22. Nf4 Bxc5 1/2-1/2

[Event "Michigan op-ch"]
[Site "Lansing"]
[Date "2009.09.06"]
[Round "3"]
[White "Dang, Michael"]
[Black "Hassen, Matt"]
[Result "0-1"]
[WhiteElo "1728"]
[BlackElo "1972"]
[PlyCount "82"]
[EventDate "2009.09.04"]
[EventType "swiss"]
[EventRounds "7"]
[EventCountry "USA"]
[SourceTitle "EXT 2015"]
[Source "ChessBase"]
[SourceDate "2014.11.20"]
[SourceVersion "1"]
[SourceVersionDate "2014.11.20"]
[SourceQuality "1"]

1. d4 d5 2. c4 e6 3. Nc3 c6 4. Nf3 Nf6 5. Bg5 Nbd7 6. e3 Qa5 7. Qc2 Ne4 8. Bf4 Bb4 9. Rc1 Qxa2 10. Bd3 Nxc3 11. bxc3 Qxc2 12. Rxc2 Be7 13. cxd5 exd5 14. Rb2 Nf6 15. Ke2 0-0 16. h3 Rd8 17. g4 Ne8 18. g5 Nd6 19. Rbb1 b5 20. Rbg1 a5 21. h4 Nc4 22. h5 a4 23. g6 fxg6 24. Ne5 Nxe5 25. Bxe5 Bd6 26. Bxd6 Rxd6 27. hxg6 h6 28. Rh4 Rf6 29. Rh5 a3 30. Re5 Kf8 31. f4 Bg4+ 32. Kf2 a2 33. Ra1 Re6 34. Rxe6 Bxe6 35. f5 Bd7 36. Kg3 Ke7 37. Kg4 Ra3 38. e4 Rxc3 39. e5 Rxd3 40. Rf1 Rxd4+ 41. Kh5 Bxf5 0-1

[Event "Michigan op-ch"]
[Site "Lansing"]
[Date "2009.09.05"]
[Round "2"]
[White "Hassen, Matt"]
[Black "Homa, Seth"]
[Result "0-1"]
[WhiteElo "1972"]
[BlackElo "2313"]
[PlyCount "108"]
[EventDate "2009.09.04"]
[EventType "swiss"]
[EventRounds "7"]
[EventCountry "USA"]
[SourceTitle "EXT 2015"]
[Source "ChessBase"]
[SourceDate "2014.11.20"]
[SourceVersion "1"]
[SourceVersionDate "2014.11.20"]
[SourceQuality "1"]

1. d4 Nf6 2. c4 g6 3. Nc3 Bg7 4. Nf3 d6 5. Bg5 h6 6. Bh4 g5 7. Bg3 Nh5 8. e3 c5 9. d5 Qa5 10. Qb3 Nd7 11. Be2 Nb6 12. Nd2 Nxg3 13. hxg3 Bd7 14. f4 0-0-0 15. Qc2 Bxc3 16. Qxc3 Qxc3 17. bxc3 Na4 18. Rc1 Rdg8 19. Kf2 Kc7 20. e4 a6 21. f5 b5 22. a3 Rb8 23. cxb5 axb5 24. Bd1 Nb2 25. Be2 Ra8 26. Rc2 Na4 27. Ke3 f6 28. g4 Nb6 29. Ra2 Ra7 30. Nb1 Ra5 31. g3 Be8 32. Bd3 Nd7 33. Rah2 Ne5 34. Be2 Nf7 35. Bd1 Bd7 36. Kd2 Rha8 37. Kc1 Kd8 38. Kb2 Rb8 39. Ka2 Rba8 40. Kb2 Rb8 41. Nd2 Rba8 42. Nb1 R8a7 43. Bb3 Kc7 44. Rf1 Kd8 45. Rfh1 Bc8 46. Kc1 b4 47. axb4 cxb4 48. cxb4 Rb5 49. Nd2 Rxb4 50. Kb2 Rc7 51. Ra1 Rd4 52. Rc1 Rxc1 53. Kxc1 Rd3 54. Rh3 Ba6 0-1

[Event "Warren Bottom-Half U1500 op"]
[Site "Warren"]
[Date "2004.06.26"]
[Round "3"]
[White "Hassen, Matt"]
[Black "Liu, Tianyi"]
[Result "1/2-1/2"]
[WhiteElo "1371"]
[BlackElo "1406"]
[PlyCount "99"]
[EventDate "2004.06.26"]
[EventType "swiss"]
[EventRounds "5"]
[EventCountry "USA"]
[SourceTitle "EXT 2008"]
[Source "ChessBase"]
[SourceDate "2007.11.25"]
[SourceVersion "1"]
[SourceVersionDate "2007.11.25"]
[SourceQuality "1"]

1. Nf3 d5 2. d4 Nf6 3. e3 g6 4. c4 c6 5. Nc3 Bg7 6. Be2 dxc4 7. Bxc4 Nbd7 8. a4 Nb6 9. Bd3 0-0 10. 0-0 Nbd5 11. Bd2 Bg4 12. Ne4 Re8 13. h3 Bxf3 14. Qxf3 Nxe4 15. Bxe4 Nf6 16. Bc2 e5 17. dxe5 Qxd2 18. exf6 Qxc2 19. fxg7 Kxg7 20. b4 Rad8 21. Rfd1 Rxd1+ 22. Qxd1 Qxd1+ 23. Rxd1 Re4 24. Rd4 Rxd4 25. exd4 Kf6 26. Kf1 Kf5 27. f3 Kf4 28. Kf2 Kf5 29. Ke3 Ke6 30. g4 Kd5 31. Kd3 h6 32. h4 f6 33. Kc3 b6 34. b5 c5 35. dxc5 Kxc5 36. f4 Kd5 37. Kd3 Kc5 38. Ke4 Kb4 39. Kd5 Kxa4 40. g5 hxg5 41. f5 gxh4 42. fxg6 h3 43. g7 h2 44. g8Q h1Q+ 45. Kd4 Qh4+ 46. Kc3 Kxb5 47. Qb3+ Ka5 48. Qd5+ b5 49. Qd8+ Ka6 50. Qd6+ 1/2-1/2

[Event "Kalamazoo op07"]
[Site "Kalamazoo"]
[Date "2000.07.30"]
[Round "4"]
[White "Saylor, Oliver"]
[Black "Hassen, Matt"]
[Result "0-1"]
[WhiteElo "1268"]
[BlackElo "712"]
[PlyCount "88"]
[EventDate "2000.07.29"]
[EventType "swiss"]
[EventRounds "5"]
[EventCountry "USA"]
[SourceTitle "EXT 2007"]
[Source "ChessBase"]
[SourceDate "2006.11.23"]
[SourceVersion "1"]
[SourceVersionDate "2006.11.23"]
[SourceQuality "1"]

1. e4 c5 2. Nf3 d6 3. c3 Nf6 4. d3 g6 5. Be2 Bg7 6. Be3 b6 7. 0-0 0-0 8. h3 e5 9. Nbd2 Nc6 10. Nb3 c4 11. Nbd2 cxd3 12. Bxd3 d5 13. exd5 Nxd5 14. Bg5 Bf6 15. Bxf6 Nxf6 16. Re1 Qxd3 17. Nxe5 Nxe5 18. Rxe5 Re8 19. Rg5 Ba6 20. Rg3 Qd5 21. Qc2 Re2 22. Rd1 Rd8 23. Rf3 Rxd2 24. Rxd2 Qxd2 25. Qxd2 Rxd2 26. Rxf6 Rxb2 27. a4 Bd3 28. Rd6 Rd2 29. c4 Rd1+ 30. Kh2 Bc2 31. Rxd1 Bxd1 32. a5 bxa5 33. c5 Kf8 34. Kg3 a4 35. c6 Ke8 36. Kf4 a3 37. Ke5 a2 38. Kd6 Kd8 39. c7+ Kc8 40. Ke7 Kxc7 41. f4 a1Q 42. Kxf7 Bb3+ 43. Ke7 Qg7+ 44. Ke8 Ba4# 0-1